| 000 | 00000nam##2200000za#4500 |
| 001 | 9.681470 |
| 003 | CaOODSP |
| 005 | 20250319165116 |
| 007 | ta |
| 008 | 150407|2001||||xxc||||| f|0| 0 fre|d |
| 020 | |a0-662-85706-2 |
| 040 | |aCaOODSP|bfre |
| 043 | |an-cn--- |
| 086 | 1 |aH39-591/2001F |
| 110 | 1 |aCanada.|bSanté Canada. |bDirection générale de la santé de la population et de la santé publique. |
| 245 | 10|aGuide des meilleures pratiques pour la prévention des chutes chez les aînés vivant dans la communauté / |cpréparé par Victoria J. Scott et al. |
| 260 | |aOttawa - Ontario : |bSanté Canada. |c2001. |
| 300 | |aPagination multiple. : |bréférences, tableaux ; |c28 cm. |
| 563 | |aReliure à spirale |
| 590 | |a02-19|b2002-05-10 |
| 691 | 07|aAîné|2gcpds |
| 691 | 07|aBlessure|2gcpds |
| 691 | 07|aPrévention|2gcpds |
| 720 | 1 |aScott, Victoria J. |
| 775 | 08|tA best practices guide for the prevention of falls among seniors living in the community / |w(CaOODSP)9.648285 |
| 776 | 0#|tGuide des meilleures pratiques pour la prévention des chutes chez les aînés vivant dans la communauté / |w(CaOODSP)9.644383 |